[Event "Hampstead op U2200 05"]
[Site "Hampstead"]
[Date "2013.05.18"]
[Round "2"]
[White "Cadart, Antoine"]
[Black "Kalavannan, Koby"]
[Result "0-1"]
[WhiteElo "1570"]
[BlackElo "1713"]
[PlyCount "102"]
[EventDate "2013.05.18"]
[EventType "swiss"]
[EventRounds "5"]
[EventCountry "ENG"]
[SourceTitle "EXT 2014"]
[Source "ChessBase"]
[SourceDate "2013.11.20"]
[SourceVersion "1"]
[SourceVersionDate "2013.11.20"]
[SourceQuality "1"]

1. e4 c5 2. Nf3 e6 3. d4 cxd4 4. Nxd4 a6 5. Be2 Nf6 6. Bg5 Qa5+ 7. Bd2 Qb6 8. Nb3 Nxe4 9. Be3 Qc7 10. 0-0 Be7 11. Bd3 Nf6 12. Nc3 d5 13. Ne2 Nbd7 14. c3 0-0 15. h3 b5 16. Re1 Bb7 17. Rc1 Nc5 18. Nxc5 Bxc5 19. Bxc5 Qxc5 20. Nd4 Rfe8 21. Nf3 h6 22. Ne5 Rad8 23. Re3 Qc7 24. Qd2 Ne4 25. Qc2 Qxe5 26. f3 Qf4 27. Qe2 Ng3 28. Qf2 Nf5 29. Ree1 Qg3 30. Qb6 Nh4 31. Re2 Nxf3+ 32. Kf1 Nh2+ 33. Kg1 Qxd3 34. Rf2 Rb8 35. Kxh2 Qg6 36. Rcf1 Rf8 37. Qc7 f6 38. Re2 e5 39. Ref2 Qf7 40. Qb6 Qe7 41. Qe3 Rbe8 42. Qd2 d4 43. cxd4 exd4 44. Rf4 Qe2 45. Qxe2 Rxe2 46. R1f2 Rxf2 47. Rxf2 d3 48. Rd2 Rd8 49. Kg3 Kf7 50. Kf2 Be4 51. g3 Ke6 0-1

[Event "Hampstead op U2200 05"]
[Site "Hampstead"]
[Date "2013.05.18"]
[Round "1"]
[White "Hjort, Helge"]
[Black "Cadart, Antoine"]
[Result "1/2-1/2"]
[WhiteElo "1984"]
[BlackElo "1570"]
[PlyCount "86"]
[EventDate "2013.05.18"]
[EventType "swiss"]
[EventRounds "5"]
[EventCountry "ENG"]
[SourceTitle "EXT 2014"]
[Source "ChessBase"]
[SourceDate "2013.11.20"]
[SourceVersion "1"]
[SourceVersionDate "2013.11.20"]
[SourceQuality "1"]

1. e4 c5 2. Nf3 d6 3. b3 Nc6 4. Bb2 e5 5. Bc4 Be7 6. Nc3 Nf6 7. d3 a6 8. Nd5 b5 9. Nxf6+ Bxf6 10. Bd5 Bd7 11. 0-0 Rc8 12. c3 Qb6 13. h3 Ne7 14. c4 Nxd5 15. cxd5 c4 16. Bc1 cxb3 17. Be3 Qb7 18. Qxb3 0-0 19. a4 Rc7 20. axb5 Bxb5 21. Rfc1 Rfc8 22. Rxc7 Rxc7 23. Qa3 Be7 24. Nd2 Qc8 25. Nc4 Bxc4 26. dxc4 Rxc4 27. Qxa6 Qxa6 28. Rxa6 Rxe4 29. Ra8+ Bf8 30. Bb6 f6 31. Bc7 Kf7 32. Ra6 Re1+ 33. Kh2 Rd1 34. Bxd6 Bxd6 35. Rxd6 Ke7 36. Re6+ Kf7 37. Rd6 Kg6 38. Rd7 Kh6 39. h4 Kg6 40. f3 f5 41. Rd6+ Kf7 42. Rd7+ Kf6 43. Rd6+ Kf7 1/2-1/2